Every living thing / (Record no. 200)

MARC details
000 -LEADER
fixed length control field 01241nam a22003617a 4500
001 - CONTROL NUMBER
control field 200
003 - CONTROL NUMBER IDENTIFIER
control field FISKH
005 - DATE AND TIME OF LATEST TRANSACTION
control field 20230303152259.0
008 - FIXED-LENGTH DATA ELEMENTS--GENERAL INFORMATION
fixed length control field 880610t19881985nyua j 000 1 eng
040 ## - CATALOGING SOURCE
Original cataloging agency DLC
Transcribing agency DLC
Modifying agency DLC
-- FISKH
Language of cataloging eng
042 ## - AUTHENTICATION CODE
Authentication code lcac
050 10 - LIBRARY OF CONGRESS CALL NUMBER
Classification number PZ7.R982
Item number Er 1988
082 00 - DEWEY DECIMAL CLASSIFICATION NUMBER
Classification number 808.83
Edition number 19
100 1# - MAIN ENTRY--PERSONAL NAME
Personal name Rylant, Cynthia.
245 10 - TITLE STATEMENT
Title Every living thing /
Statement of responsibility, etc. stories by Cynthia Rylant ; decorations by S.D. Schindler.
250 ## - EDITION STATEMENT
Edition statement 1st Aladdin Books ed.
260 ## - PUBLICATION, DISTRIBUTION, ETC.
Place of publication, distribution, etc. New York :
Name of publisher, distributor, etc. Aladdin Books,
Date of publication, distribution, etc. 1988
300 ## - PHYSICAL DESCRIPTION
Extent 81 p. :
Other physical details ill. ;
Dimensions 20 cm.
505 ## - FORMATTED CONTENTS NOTE
Formatted contents note Q
520 ## - SUMMARY, ETC.
Summary, etc. Twelve stories in which animals change people's lives for the better.
521 8# - TARGET AUDIENCE NOTE
Target audience note 870
Source Lexile
521 8# - TARGET AUDIENCE NOTE
Target audience note Q
Source Raz-Plus
650 #0 - SUBJECT ADDED ENTRY--TOPICAL TERM
Topical term or geographic name entry element Children's stories, American.
650 #1 - SUBJECT ADDED ENTRY--TOPICAL TERM
Topical term or geographic name entry element Animals
General subdivision Fiction.
650 #1 - SUBJECT ADDED ENTRY--TOPICAL TERM
Topical term or geographic name entry element Animals
General subdivision Fiction.
650 #1 - SUBJECT ADDED ENTRY--TOPICAL TERM
Topical term or geographic name entry element Pets
General subdivision Therapeutic use
-- Fiction.
650 #1 - SUBJECT ADDED ENTRY--TOPICAL TERM
Topical term or geographic name entry element Short stories.
700 1# - ADDED ENTRY--PERSONAL NAME
Personal name Schindler, S. D.,
Relator term ill.
856 42 - ELECTRONIC LOCATION AND ACCESS
Materials specified Publisher description
Uniform Resource Identifier <a href="http://www.loc.gov/catdir/description/simon033/88019359.html">http://www.loc.gov/catdir/description/simon033/88019359.html</a>
856 42 - ELECTRONIC LOCATION AND ACCESS
Materials specified Contributor biographical information
Uniform Resource Identifier <a href="http://www.loc.gov/catdir/enhancements/fy0913/88019359-b.html">http://www.loc.gov/catdir/enhancements/fy0913/88019359-b.html</a>
906 ## - LOCAL DATA ELEMENT F, LDF (RLIN)
a 7
b cbc
c orignew
d 1
e ocip
f 19
g y-gencatlg
942 ## - ADDED ENTRY ELEMENTS (KOHA)
Source of classification or shelving scheme Dewey Decimal Classification
Koha item type Books
Suppress in OPAC No
Holdings
Withdrawn status Lost status Source of classification or shelving scheme Damaged status Not for loan Collection Home library Current library Shelving location Date acquired Total Checkouts Full call number Barcode Date last seen Date last checked out Price effective from Koha item type
    Dewey Decimal Classification     Fiction Footprints International School Library Network Toul Kork Campus Footprints International School Library Network Toul Kork Campus A TK Campus, 4th Floor, Room B401, Fiction Bookcases (1-6) 03/03/2023 1 SCH 808.83 PZ7.R982 FISTK00363 10/05/2023 09/28/2023 03/03/2023 Books